|
|
|
|
| LEADER |
00000nab a2200000 a 4500 |
| 001 |
vtls010706163 |
| 003 |
SK-MaSNL |
| 005 |
20260304185606.0 |
| 008 |
250709s2011 xo |||||||||||||||||slo| |
| 035 |
|
|
|a (urnnbn)urn:nbn:sk:snk:ar-a040ym
|
| 035 |
|
|
|a (uuid)7656570e-f7d3-460c-af56-19dfefd23c9b
|
| 035 |
|
|
|a urn:nbn:sk:snk-ab3ajl
|
| 040 |
|
|
|a SNKBUCL
|b slo
|c SNKBUCL
|e AACR2
|
| 041 |
0 |
|
|a slo
|
| 044 |
|
|
|a xo
|c SK
|
| 100 |
1 |
|
|a Tölgyessyová, Henrieta
|c (stavebná inžinierka)
|4 aut
|9 28164
|
| 245 |
1 |
0 |
|a Konferencia stavebného sektora CEN v Bruseli
|c Henrieta Tölgyessyová
|
| 773 |
0 |
|
|t Normalizácia : odborný časopis pre technickú normalizáciu
|g Roč. 17, č. 3 (2011), s. 14-19
|
| 850 |
|
|
|a Slovenská národná knižnica
|
| 852 |
|
|
|a Slovenská národná knižnica
|
| 954 |
|
|
|a odborná, vedecká literatúra pôvodná (slovenská)
|2 lita
|
| 958 |
|
|
|a article1
|
| 958 |
|
|
|a OND
|
| 958 |
|
|
|a EUIPO
|
| 999 |
|
|
|c 3044629
|d 3046559
|